00238 a2200109 4500001000700000020000600007040001100013100002000024240004000044245003500084362000900119170344 a  cMagnum aColegio Retamar10aRetamatch: accion 2000 retamarlESP10aRetamatch: accion 2000 retamar0 a1899